Understanding health insurance : (Record no. 6047)
[ view plain ]
| 000 -LEADER | |
|---|---|
| fixed length control field | 01184cam a2200349 a 4500 |
| 001 - ACCESSION NUMBER | |
| control field | 34222 |
| 003 - CONTROL NUMBER IDENTIFIER | |
| control field | UkOxU |
| 005 - DATE AND TIME OF LATEST TRANSACTION | |
| control field | 20160404090940.0 |
| 006 - FIXED-LENGTH DATA ELEMENTS--ADDITIONAL MATERIAL CHARACTERISTICS | |
| fixed length control field | m g d |
| 007 - PHYSICAL DESCRIPTION FIXED FIELD--GENERAL INFORMATION | |
| fixed length control field | co|mgu |
| 008 - FIXED-LENGTH DATA ELEMENTS--GENERAL INFORMATION | |
| fixed length control field | 001218s2000 sa a 001 0 eng d |
| 015 ## - NATIONAL BIBLIOGRAPHY NUMBER | |
| National bibliography number | GB A1-2666 |
| 020 ## - INTERNATIONAL STANDARD BOOK NUMBER | |
| International Standard Book Number | 0766813088 |
| 035 ## - SYSTEM CONTROL NUMBER | |
| System control number | BNB2661.2065 |
| 035 ## - SYSTEM CONTROL NUMBER | |
| System control number | (UkOxU)UkOxUw11469662 |
| 040 ## - CATALOGING SOURCE | |
| Original cataloging agency | DDC |
| Transcribing agency | DDC |
| Language of cataloging | eng |
| Modifying agency | DDC |
| Description conventions | DDC |
| 082 0# - DEWEY DECIMAL CLASSIFICATION NUMBER | |
| Classification number | 368.38200973/ ROW (34222) |
| Edition number | 21 |
| 100 1# - MAIN ENTRY--PERSONAL NAME | |
| Personal name | Rowell, Jo Ann C., |
| Dates associated with a name | 1934- |
| 245 10 - TITLE STATEMENT | |
| Title | Understanding health insurance : |
| Remainder of title | a guide to professional billing / |
| Statement of responsibility, etc. | JoAnn C. Rowell ; contributing authors, Michelle A. Green, Alice Covell. |
| 250 ## - EDITION STATEMENT | |
| Edition statement | 5th ed. |
| 260 ## - PUBLICATION, DISTRIBUTION, ETC. (IMPRINT) | |
| Place of publication, distribution, etc. | Africa ; |
| -- | United Kingdom : |
| Name of publisher, distributor, etc. | Delmar, |
| Date of publication, distribution, etc. | c2000. |
| 300 ## - PHYSICAL DESCRIPTION | |
| Extent | xvi, 559 p. : |
| Other physical details | ill. ; |
| Dimensions | 28 cm.+ |
| Accompanying material | 1 CD ROM (4 3/4 in.) |
| 504 ## - BIBLIOGRAPHY, ETC. NOTE | |
| Bibliography, etc | Includes bibliographical references,appendix and index. |
| 650 #0 - SUBJECT ADDED ENTRY--TOPICAL TERM | |
| Topical term or geographic name as entry element | Health insurance claims |
| Geographic subdivision | United States. |
| 650 #0 - SUBJECT ADDED ENTRY--TOPICAL TERM | |
| Topical term or geographic name as entry element | Health insurance |
| Geographic subdivision | United States. |
| 700 1# - ADDED ENTRY--PERSONAL NAME | |
| Personal name | Green, Michelle A. |
| 700 1# - ADDED ENTRY--PERSONAL NAME | |
| Personal name | Covell, Alice. |
| 942 ## - ADDED ENTRY ELEMENTS (KOHA) | |
| Source of classification or shelving scheme | Dewey Decimal Classification |
| Koha item type | Circ Books |
| Withdrawn status | Lost status | Source of classification or shelving scheme | Damaged status | Not for loan | Home library | Current library | Date acquired | Total Checkouts | Full call number | Barcode | Date last seen | Price effective from | Koha item type |
|---|---|---|---|---|---|---|---|---|---|---|---|---|---|
| Dewey Decimal Classification | Wesley Powell Learning Resource Centre | Wesley Powell Learning Resource Centre | 04/04/2016 | 368.38200973/ ROW | 34222 | 04/04/2016 | 04/04/2016 | Circ Books |